<?xml version="1.0" encoding="UTF-8"?>
<record
    xmlns:xsi="http://www.w3.org/2001/XMLSchema-instance"
    xsi:schemaLocation="http://www.loc.gov/MARC21/slim http://www.loc.gov/standards/marcxml/schema/MARC21slim.xsd"
    xmlns="http://www.loc.gov/MARC21/slim">

  <leader>01145nam a22003494a 4500</leader>
  <controlfield tag="001">ESSALUD</controlfield>
  <controlfield tag="007">ta</controlfield>
  <controlfield tag="008">      t1985    pe     gr     00| 0 spa d</controlfield>
  <datafield tag="040" ind1=" " ind2=" ">
    <subfield code="a">ESSALUD</subfield>
  </datafield>
  <datafield tag="041" ind1=" " ind2=" ">
    <subfield code="a">spa</subfield>
  </datafield>
  <datafield tag="043" ind1=" " ind2=" ">
    <subfield code="c">pe</subfield>
  </datafield>
  <datafield tag="082" ind1=" " ind2=" ">
    <subfield code="a">368.4201</subfield>
    <subfield code="b">IN59/1985</subfield>
  </datafield>
  <datafield tag="110" ind1=" " ind2=" ">
    <subfield code="a">Instituto Peruano de Seguridad Social. Direcci&#xF3;n de Estad&#xED;stica</subfield>
    <subfield code="e">autor</subfield>
    <subfield code="9">44207</subfield>
  </datafield>
  <datafield tag="245" ind1=" " ind2=" ">
    <subfield code="a">Bolet&#xED;n estad&#xED;stico de prestaciones de salud: a&#xF1;o 1985</subfield>
  </datafield>
  <datafield tag="250" ind1=" " ind2=" ">
    <subfield code="a">1 ed.</subfield>
  </datafield>
  <datafield tag="260" ind1=" " ind2=" ">
    <subfield code="a">Lima : </subfield>
    <subfield code="b">IPSS, </subfield>
    <subfield code="c">1985</subfield>
  </datafield>
  <datafield tag="300" ind1=" " ind2=" ">
    <subfield code="a">84 p&#xE1;ginas</subfield>
  </datafield>
  <datafield tag="650" ind1=" " ind2=" ">
    <subfield code="a">ESTAD&#xCD;STICAS DE ATENCI&#xD3;N M&#xC9;DICA</subfield>
    <subfield code="9">11557</subfield>
  </datafield>
  <datafield tag="650" ind1=" " ind2=" ">
    <subfield code="a">ESTAD&#xCD;STICAS HOSPITALARIAS</subfield>
    <subfield code="9">43336</subfield>
  </datafield>
  <datafield tag="650" ind1=" " ind2=" ">
    <subfield code="a">ATENCI&#xD3;N AMBULATORIA</subfield>
  </datafield>
  <datafield tag="650" ind1=" " ind2=" ">
    <subfield code="a">ACCIDENTES DE TRABAJO</subfield>
    <subfield code="9">2907</subfield>
  </datafield>
  <datafield tag="650" ind1=" " ind2=" ">
    <subfield code="a">ENFERMEDADES PROFESIONALES</subfield>
    <subfield code="9">14771</subfield>
  </datafield>
  <datafield tag="650" ind1=" " ind2=" ">
    <subfield code="a">SEGURIDAD SOCIAL</subfield>
    <subfield code="9">2070</subfield>
  </datafield>
  <datafield tag="653" ind1=" " ind2=" ">
    <subfield code="a">PRESTACIONES ECON&#xD3;MICAS</subfield>
  </datafield>
  <datafield tag="700" ind1=" " ind2=" ">
    <subfield code="a">Garcia Guillen, Aquilino</subfield>
    <subfield code="9">44208</subfield>
  </datafield>
  <datafield tag="700" ind1=" " ind2=" ">
    <subfield code="a">Serrano Gallardo, Marcela</subfield>
    <subfield code="9">44210</subfield>
  </datafield>
  <datafield tag="700" ind1=" " ind2=" ">
    <subfield code="a">Li Quispe, Juan Carlos</subfield>
    <subfield code="9">44466</subfield>
  </datafield>
  <datafield tag="700" ind1=" " ind2=" ">
    <subfield code="a">Dongo Huam&#xE1;n, Gilda Yolanda</subfield>
    <subfield code="9">52882</subfield>
  </datafield>
  <datafield tag="700" ind1=" " ind2=" ">
    <subfield code="a">Tapia Villalta, Eusebia</subfield>
    <subfield code="9">43888</subfield>
  </datafield>
  <datafield tag="700" ind1=" " ind2=" ">
    <subfield code="a">Vallejos Arce, Rosaura</subfield>
    <subfield code="9">44213</subfield>
  </datafield>
  <datafield tag="942" ind1=" " ind2=" ">
    <subfield code="c">BK</subfield>
    <subfield code="e">2026-06-24</subfield>
    <subfield code="z">AFC</subfield>
  </datafield>
  <datafield tag="999" ind1=" " ind2=" ">
    <subfield code="c">22551</subfield>
    <subfield code="d">22551</subfield>
  </datafield>
  <datafield tag="952" ind1=" " ind2=" ">
    <subfield code="2">ddc</subfield>
    <subfield code="4">0</subfield>
    <subfield code="8">CSS</subfield>
    <subfield code="a">BC</subfield>
    <subfield code="b">BC</subfield>
    <subfield code="d">2026-06-02</subfield>
    <subfield code="e">Donacion</subfield>
    <subfield code="l">0</subfield>
    <subfield code="o">368.4201/IN59/1985</subfield>
    <subfield code="p">10702</subfield>
    <subfield code="r">2026-06-24</subfield>
    <subfield code="y">BK</subfield>
  </datafield>
</record>
